| 000 | 01122nam a2200277Ia 4500 | ||
|---|---|---|---|
| 003 | OSt | ||
| 005 | 20201015162925.0 | ||
| 008 | 191128s1992 ar ad gr 000 0 spa d | ||
| 020 | _a9505372183 | ||
| 040 |
_aCO-JMCR _cCO-JMCR |
||
| 041 | 0 | _aspa | |
| 082 | 0 | 4 |
_a658.4012 / _bH275a _223 |
| 100 | 1 |
_aHermida, Jorge, _eautor _911604 |
|
| 245 | 1 | 0 |
_aAdministración y estrategía / _cJorge Hermida, Roberto Serra, Eduardo Kastika |
| 250 | _aCuarta edición | ||
| 260 |
_aBuenos Aires : _bEdiciones Macchi, _c1992. |
||
| 300 |
_a575 páginas : _bilustraciones, gráficos, diagramas a blanco y negro ; _c22 cm. |
||
| 500 | _aSubtítulo en tapa: teoría y práctica, Incluye índice de cuadros. | ||
| 504 | _aBibliografía: [567]-570. | ||
| 505 | 0 | _a¿Qué es la administración? -- La administración tradicional (1900-1970) -- De la administración tradicional a la administración estratégica y competitiva (1970-1990) | |
| 650 | 2 | A |
_aPlanificación estratégica _9262 |
| 650 | 2 | 4 |
_aAdministración _91809 |
| 700 | 1 |
_aSerra, Roberto, _eautor _911605 |
|
| 700 | 1 |
_aKastika, Eduardo, _eautor _911606 |
|
| 942 |
_2ddc _cBK |
||
| 999 |
_c5799 _d5799 |
||